00572nam a2200157Ia 4500008004100000082001400041100001300055245005700068260003300125365000600158630005700164730005700221942000900278999001900287952010800306100415s9999 xx 000 0 und d b1475a338 aYeats J aThe Natural History of the Raw Materials of Commerce aLONDONc1887bGEORGE PHILLIP b0 aThe Natural History of the Raw Materials of Commerce aThe Natural History of the Raw Materials of Commerce cBOOK c584530d584527 00104070aBNHSbBNHSd1998-01-05g0.00l0o338 1475pBNHS-1475r2010-04-15 00:00:00w2010-04-15yBOOK